Soweto '76 : reflections on the liberation struggles : commemorating the 3th anniversary of June 16th, 1976 (Record no. 359773)

MARC details
000 -LEADER
fixed length control field 00369nam a2200097Ia 4500
082 ## - DEWEY DECIMAL CLASSIFICATION NUMBER
Classification number 968.627 SOWE
008 - FIXED-LENGTH DATA ELEMENTS--GENERAL INFORMATION
fixed length control field 210817s9999 xx 000 0 und d
100 ## - MAIN ENTRY--PERSONAL NAME
Personal name Hlongwane, Khangela Ali ** Houghton [South Africa], 2R6 ** *
9 (RLIN) 89384
245 #0 - TITLE STATEMENT
Title Soweto '76 : reflections on the liberation struggles : commemorating the 3th anniversary of June 16th, 1976
942 ## - ADDED ENTRY ELEMENTS
item type Books
Holdings
Withdrawn status Lost status Damaged status Not for loan Home library Current library Date acquired Cost, normal purchase price Total Checkouts Barcode Date last seen Price effective from item type
        Kamaqhekeza Kamaqhekeza 20.08.2021 140.00   33228022039877 20.08.2021 20.08.2021 Books